[Event "Riga FIDE Grand Prix 2019"]
[Site "Riga LAT"]
[Date "2019.07.13"]
[Round "2"]
[White "Giri, Anish"]
[Black "Karjakin, Sergey"]
[Result "1/2-1/2"]
[WhiteElo "2779"]
[BlackElo "2748"]
[PlyCount "59"]
[EventDate "2019.07.12"]

1. c4 Nf6 2. g3 e6 3. Bg2 d5 4. d4 Bb4+ 5. Nd2 O-O 6. Ngf3 b6 7. O-O Bb7 8. b3
c5 9. Bb2 Nc6 10. cxd5 exd5 11. a3 Bxd2 12. Nxd2 Nxd4 13. Bxd4 cxd4 14. Nf3 Qe7
15. Nxd4 Ne4 16. e3 Rac8 17. Qg4 Rc3 18. b4 g6 19. h4 a5 20. Bxe4 dxe4 21. bxa5
bxa5 22. Rfc1 Rxc1+ 23. Rxc1 Qxa3 24. Rc7 Qa1+ 25. Kh2 h5 26. Qf4 Bc8 27. Nc6
Kg7 28. Qxe4 Bf5 29. Qf4 Rc8 30. Rxc8 1/2-1/2

[Event "Riga FIDE Grand Prix 2019"]
[Site "Riga LAT"]
[Date "2019.07.13"]
[Round "2"]
[White "Harikrishna, Pentala"]
[Black "So, Wesley"]
[Result "1/2-1/2"]
[WhiteElo "2734"]
[BlackElo "2763"]
[PlyCount "57"]
[EventDate "2019.07.12"]

1. d4 Nf6 2. c4 e6 3. g3 d5 4. Bg2 Be7 5. Nf3 O-O 6. O-O dxc4 7. Qc2 a6 8. a4
Bd7 9. Qxc4 Bc6 10. Bf4 Bd6 11. Qc1 Nbd7 12. Nc3 Qe7 13. Re1 Bxf4 14. Qxf4 Bxf3
15. Qxf3 c6 16. a5 Rfe8 17. Red1 e5 18. d5 e4 19. Qf5 g6 20. Qf4 cxd5 21. Nxd5
Nxd5 22. Rxd5 Nf6 23. Rd6 Kg7 24. Rad1 Rad8 25. Rxd8 Rxd8 26. Rxd8 Qxd8 27.
Bxe4 Nxe4 28. Qxe4 Qxa5 29. Qxb7 1/2-1/2

[Event "Riga FIDE Grand Prix 2019"]
[Site "Riga LAT"]
[Date "2019.07.13"]
[Round "2"]
[White "Duda, Jan-Krzysztof"]
[Black "Svidler, Peter"]
[Result "1/2-1/2"]
[WhiteElo "2729"]
[BlackElo "2737"]
[PlyCount "83"]
[EventDate "2019.07.12"]

1. Nf3 Nf6 2. c4 g6 3. b3 Bg7 4. Bb2 O-O 5. g3 d6 6. d4 a6 7. Nc3 Nc6 8. Bg2 e5
9. O-O e4 10. Ne1 Bf5 11. h3 h5 12. Nc2 Qd7 13. Kh2 Rfe8 14. Ne3 Ne7 15. Rc1 c6
16. d5 cxd5 17. cxd5 b5 18. Rc2 Rac8 19. a3 a5 20. Rd2 Kh7 21. Qa1 Neg8 22.
Nxf5 gxf5 23. e3 h4 24. Ne2 Nh5 25. Bxg7 Nxg7 26. Rg1 hxg3+ 27. fxg3 Re5 28.
Rc1 Nf6 29. Nf4 Ngh5 30. Bf1 Rg8 31. Rg2 Qe7 32. Qb2 Nxf4 33. gxf4 Rxd5 34. b4
axb4 35. axb4 Rg6 36. Rc8 Rd1 37. Be2 Rxg2+ 38. Kxg2 Re1 39. Kf2 Rh1 40. Kg2
Re1 41. Kf2 Rh1 42. Kg2 1/2-1/2

[Event "Riga FIDE Grand Prix 2019"]
[Site "Riga LAT"]
[Date "2019.07.13"]
[Round "2"]
[White "Dubov, Daniil"]
[Black "Mamedyarov, Shakhriyar"]
[Result "0-1"]
[WhiteElo "2700"]
[BlackElo "2765"]
[PlyCount "156"]
[EventDate "2019.07.12"]

1. Nf3 Nf6 2. c4 c5 3. Nc3 d5 4. cxd5 Nxd5 5. d4 Nxc3 6. bxc3 g6 7. e4 Bg7 8.
Bb5+ Nc6 9. O-O O-O 10. Be3 Bg4 11. d5 Ne5 12. Be2 Nxf3+ 13. Bxf3 Bxf3 14. Qxf3
Bxc3 15. Rab1 b6 16. Bxc5 Rc8 17. Be3 Qd7 18. Rfc1 f5 19. g3 Bf6 20. Bf4 fxe4
21. Qxe4 Qf5 22. Qe6+ Qxe6 23. dxe6 g5 24. Be3 Kg7 25. g4 Rfd8 26. a4 h6 27.
Kg2 Rxc1 28. Rxc1 Rd5 29. Kf3 Ra5 30. Rc4 Be5 31. Ke4 Kf6 32. Bd2 b5 33. axb5
Rxb5 34. Ra4 Bb8 35. Ra1 Kxe6 36. h4 gxh4 37. Rh1 Re5+ 38. Kd3 Rd5+ 39. Kc2 h5
40. Rxh4 hxg4 41. Rxg4 Bd6 42. Ra4 Bc5 43. f3 Bb6 44. Bc3 Kd7 45. Re4 Bc5 46.
f4 Kc6 47. Ra4 Rh5 48. Kb3 Rh3 49. Kc4 Re3 50. Ra6+ Bb6 51. Be5 Re1 52. Ra2
Re4+ 53. Kd3 Kd5 54. Ra6 Re3+ 55. Kd2 Kc4 56. Ra4+ Kb5 57. Ra1 Rh3 58. Rf1 e6
59. Bb8 Rh8 60. Be5 Rh2+ 61. Kd3 Rh3+ 62. Kd2 Kc4 63. Rc1+ Kd5 64. Rc8 Ke4 65.
Re8 Rh6 66. Kc3 Be3 67. Ra8 Rh1 68. Re8 Rc1+ 69. Kb3 Rc6 70. Rf8 Rb6+ 71. Kc4
Rc6+ 72. Kb3 Rb6+ 73. Kc4 a5 74. Ra8 Rc6+ 75. Kb3 Bxf4 76. Bc3 Bc7 77. Rc8 a4+
78. Kc2 Ke3 0-1

[Event "Riga FIDE Grand Prix 2019"]
[Site "Riga LAT"]
[Date "2019.07.13"]
[Round "2"]
[White "Yu, Yangyi"]
[Black "Aronian, Levon"]
[Result "1/2-1/2"]
[WhiteElo "2736"]
[BlackElo "2756"]
[PlyCount "49"]
[EventDate "2019.07.12"]

1. d4 Nf6 2. c4 e6 3. g3 d5 4. Bg2 Be7 5. Nf3 O-O 6. O-O dxc4 7. Ne5 Nc6 8.
Bxc6 bxc6 9. Nxc6 Qe8 10. Nxe7+ Qxe7 11. Qc2 c5 12. dxc5 Qxc5 13. Be3 Qc6 14.
f3 a5 15. Nc3 e5 16. Qa4 Qe6 17. Rad1 e4 18. Bd4 exf3 19. exf3 Bb7 20. Qb5 Bc6
21. Qe5 Rab8 22. Rd2 Rbd8 23. Qxe6 fxe6 24. Rff2 Nd5 25. a3 1/2-1/2

[Event "Riga FIDE Grand Prix 2019"]
[Site "Riga LAT"]
[Date "2019.07.13"]
[Round "2"]
[White "Topalov, Veselin"]
[Black "Nakamura, Hikaru"]
[Result "1/2-1/2"]
[WhiteElo "2740"]
[BlackElo "2754"]
[PlyCount "50"]
[EventDate "2019.07.12"]

1. e4 e5 2. Nf3 Nc6 3. Bc4 Bc5 4. c3 Nf6 5. d3 O-O 6. Nbd2 d5 7. exd5 Nxd5 8.
Ne4 Be7 9. O-O Nb6 10. Bb3 Bf5 11. a4 a5 12. Re1 Qd7 13. Be3 Rad8 14. Bxb6 cxb6
15. Bc4 Bg6 16. Qb3 Qc7 17. Re3 h6 18. Rae1 Kh8 19. Bd5 f6 20. Bxc6 bxc6 21. d4
Bf7 22. Qc2 exd4 23. Nxd4 Rfe8 24. Ng3 Bd6 25. Rxe8+ Rxe8 1/2-1/2

[Event "Riga FIDE Grand Prix 2019"]
[Site "Riga LAT"]
[Date "2019.07.13"]
[Round "2"]
[White "Navara, David"]
[Black "Vachier-Lagrave, Maxime"]
[Result "1/2-1/2"]
[WhiteElo "2734"]
[BlackElo "2775"]
[PlyCount "92"]
[EventDate "2019.07.12"]

1. e4 c5 2. Nf3 d6 3. Bb5+ Nd7 4. c3 Ngf6 5. Bd3 e6 6. Bc2 b5 7. d4 Bb7 8. Qe2
a6 9. O-O Be7 10. Bf4 O-O 11. Nbd2 Rc8 12. Rac1 Re8 13. e5 Nd5 14. Bg3 dxe5 15.
dxe5 c4 16. Ne4 Nc5 17. h4 Nd3 18. Bxd3 cxd3 19. Qxd3 Nf4 20. Qe3 Qd3 21. Rfe1
Qxe3 22. Rxe3 Nd3 23. Rb1 Bxe4 24. Rxe4 Red8 25. h5 Rd5 26. Kf1 b4 27. cxb4
Nxb4 28. a3 Nd3 29. Rd4 Rxd4 30. Nxd4 Rc4 31. Nf3 Rc2 32. Rd1 Nxb2 33. Rd7 Rc1+
34. Ne1 Kf8 35. Bf4 Rc8 36. h6 g5 37. Be3 Nc4 38. Nf3 g4 39. Nh2 Nxe5 40. Ra7
Bc5 41. Bxc5+ Rxc5 42. Rxa6 Rc1+ 43. Ke2 Rc2+ 44. Kf1 Rc1+ 45. Ke2 Rc2+ 46. Kf1
Rc1+ 1/2-1/2

[Event "2nd GP Series ((tie-break)) 2019"]
[Site "Riga LAT"]
[Date "2019.07.14"]
[Round "1"]
[White "Karjakin, Sergey"]
[Black "Giri, Anish"]
[Result "1-0"]
[WhiteElo "2748"]
[BlackElo "2779"]
[PlyCount "91"]
[EventDate "2019.07.12"]

1. e4 c5 2. Nf3 d6 3. d4 cxd4 4. Nxd4 Nf6 5. Nc3 a6 6. Bd3 e5 7. Nde2 Be7 8.
O-O O-O 9. Ng3 Bg4 10. Be2 Be6 11. Be3 g6 12. a4 Nbd7 13. Qd2 Rc8 14. a5 Re8
15. Nd5 Bxd5 16. exd5 Nc5 17. f3 h5 18. b4 Ncd7 19. c4 h4 20. Ne4 h3 21. g3
Nxe4 22. fxe4 Nf6 23. Qd3 Qd7 24. Rac1 Ng4 25. Bb6 Bg5 26. Rc3 Rf8 27. c5 dxc5
28. Bxc5 Rxc5 29. bxc5 Be3+ 30. Kh1 Nf2+ 31. Rxf2 Bxf2 32. c6 bxc6 33. dxc6 Qc7
34. Rc1 Bd4 35. Qxa6 Rb8 36. Bg4 Bc3 37. Bxh3 Bxa5 38. Bd7 Kg7 39. Rf1 Rf8 40.
Rb1 Qd8 41. Kg2 Bc7 42. Rb7 Bd6 43. Qd3 Bb8 44. Qd5 Bc7 45. h4 Rh8 46. Be6 1-0

[Event "2nd GP Series ((tie-break)) 2019"]
[Site "Riga LAT"]
[Date "2019.07.14"]
[Round "1"]
[White "Giri, Anish"]
[Black "Karjakin, Sergey"]
[Result "1-0"]
[WhiteElo "2779"]
[BlackElo "2748"]
[PlyCount "101"]
[EventDate "2019.07.12"]

1. c4 Nf6 2. Nf3 e6 3. g3 d5 4. Bg2 dxc4 5. Qa4+ Nbd7 6. Qxc4 a6 7. Qc2 c5 8.
Nc3 Qc7 9. O-O b6 10. d4 Bb7 11. Bf4 Bd6 12. Bxd6 Qxd6 13. Rfd1 O-O 14. e4 cxd4
15. Nxd4 Qc7 16. Rac1 Rad8 17. f4 e5 18. Nd5 Qxc2 19. Nxc2 exf4 20. gxf4 Nc5
21. Nce3 Bxd5 22. exd5 Rfe8 23. Nc4 Ncd7 24. Bf3 Ne4 25. d6 f5 26. b4 Re6 27.
a4 Kf8 28. a5 b5 29. Nb6 Ndf6 30. d7 g5 31. fxg5 Nxg5 32. Bb7 Ke7 33. Bxa6 Re2
34. Bb7 Nfe4 35. Rd3 Rg8 36. d8=Q+ Rxd8 37. Rc7+ Kf6 38. Bxe4 Rg8 39. Nd7+ Ke7
40. Nc5+ Kf6 41. Rc6+ Ke5 42. Rd5+ Kf4 43. Kf1 Ra2 44. Bc2 Rxc2 45. Ne6+ Nxe6
46. Rxc2 Ke4 47. Rxb5 Nd4 48. Rc4 f4 49. a6 Kd3 50. Rxd4+ Kxd4 51. a7 1-0

[Event "2nd GP Series ((tie-break)) 2019"]
[Site "Riga LAT"]
[Date "2019.07.14"]
[Round "1"]
[White "Karjakin, Sergey"]
[Black "Giri, Anish"]
[Result "1/2-1/2"]
[WhiteElo "2748"]
[BlackElo "2779"]
[PlyCount "57"]
[EventDate "2019.07.12"]

1. e4 e5 2. Nf3 Nc6 3. Bb5 Nf6 4. O-O Nxe4 5. Re1 Nd6 6. Nxe5 Be7 7. Bf1 Nxe5
8. Rxe5 O-O 9. d4 Bf6 10. Re1 Re8 11. c3 Rxe1 12. Qxe1 Nf5 13. a4 d5 14. a5 c6
15. Nd2 Nd6 16. Nb3 Bf5 17. Bf4 Rc8 18. Nc5 b6 19. axb6 axb6 20. Nd3 h6 21. Be5
Be7 22. b3 Bf8 23. Bf4 c5 24. dxc5 bxc5 25. h3 c4 26. bxc4 Nxc4 27. Ne5 Nxe5
28. Bxe5 Ra8 29. Rxa8 1/2-1/2

[Event "2nd GP Series ((tie-break)) 2019"]
[Site "Riga LAT"]
[Date "2019.07.14"]
[Round "1"]
[White "Giri, Anish"]
[Black "Karjakin, Sergey"]
[Result "1/2-1/2"]
[WhiteElo "2779"]
[BlackElo "2748"]
[PlyCount "165"]
[EventDate "2019.07.12"]

1. c4 e5 2. g3 Nf6 3. Bg2 d5 4. cxd5 Nxd5 5. Nc3 Nb6 6. Nf3 Nc6 7. O-O Be7 8.
d3 O-O 9. a3 Be6 10. Be3 Nd5 11. Nxd5 Bxd5 12. Qa4 a6 13. Rac1 Re8 14. Rfe1 h6
15. Nd2 Bxg2 16. Kxg2 Qd5+ 17. Qe4 Rad8 18. Rc2 f5 19. Qxd5+ Rxd5 20. Rec1 Bd6
21. Nc4 Kf7 22. f3 h5 23. Bf2 g6 24. Rc3 Be7 25. e4 Rd7 26. Kf1 Bg5 27. R1c2
Red8 28. Ke2 fxe4 29. fxe4 Ke6 30. b4 Rf7 31. Nb2 Rdf8 32. Nd1 Rxf2+ 33. Nxf2
Nd4+ 34. Ke1 Nxc2+ 35. Rxc2 c6 36. Nd1 Ra8 37. Nc3 b5 38. Ne2 Kd6 39. d4 Re8
40. dxe5+ Rxe5 41. Nc3 c5 42. Ke2 c4 43. a4 bxa4 44. h4 Bh6 45. Ra2 a5 46. Rxa4
axb4 47. Rxb4 Kc5 48. Rb7 Kd4 49. Nb5+ Kxe4 50. Rb8 Kd5+ 51. Kf2 Kc5 52. Na3 c3
53. Rc8+ Kb4 54. Nc2+ Kb3 55. Nd4+ Kb2 56. Rb8+ Kc1 57. Ne2+ Kc2 58. Rc8 Bd2
59. Rc6 g5 60. hxg5 Rxg5 61. Kf3 Kb2 62. Rb6+ Ka3 63. Nd4 Re5 64. Nc2+ Ka4 65.
Rb4+ Ka5 66. Rh4 Rf5+ 67. Ke4 Rg5 68. Kf3 Kb5 69. g4 hxg4+ 70. Rxg4 Rh5 71. Ke2
Rh2+ 72. Kd3 Rh3+ 73. Ke2 Kc5 74. Nb4 Kd6 75. Kd1 Rh2 76. Rc4 Ke5 77. Kc2 Rg2
78. Rxc3 Bxc3+ 79. Kxc3 Ke4 80. Nc2 Rg3+ 81. Kc4 Rg8 82. Nb4 Rc8+ 83. Kb5
1/2-1/2

[Event "2nd GP Series ((tie-break)) 2019"]
[Site "Riga LAT"]
[Date "2019.07.14"]
[Round "1"]
[White "Karjakin, Sergey"]
[Black "Giri, Anish"]
[Result "1/2-1/2"]
[WhiteElo "2748"]
[BlackElo "2779"]
[PlyCount "74"]
[EventDate "2019.07.12"]

1. e4 e5 2. Nf3 Nc6 3. Bb5 Nf6 4. O-O Nxe4 5. Re1 Nd6 6. Nxe5 Be7 7. Bf1 Nxe5
8. Rxe5 O-O 9. d4 Bf6 10. Re1 Re8 11. c3 Rxe1 12. Qxe1 Nf5 13. a4 d6 14. a5 a6
15. Nd2 Nh4 16. Ne4 Be7 17. Ng3 Nf5 18. Bd3 Nxg3 19. hxg3 d5 20. Bf4 Be6 21.
Qe3 Qd7 22. Re1 Re8 23. Bc2 c6 24. f3 Qd8 25. b4 Bd7 26. Qd2 Bf8 27. Kf2 g6 28.
Rxe8 Qxe8 29. Be5 Qe7 30. Qf4 g5 31. Qf6 Qxf6 32. Bxf6 g4 33. Bg5 h5 34. Ke3
Bd6 35. Bf4 Be7 36. Bh6 Bd6 37. Bf4 Be7 1/2-1/2

[Event "2nd GP Series ((tie-break)) 2019"]
[Site "Riga LAT"]
[Date "2019.07.14"]
[Round "1"]
[White "Giri, Anish"]
[Black "Karjakin, Sergey"]
[Result "1/2-1/2"]
[WhiteElo "2779"]
[BlackElo "2748"]
[PlyCount "85"]
[EventDate "2019.07.12"]

1. Nf3 d5 2. g3 g6 3. Bg2 Bg7 4. d4 Nf6 5. O-O O-O 6. c4 dxc4 7. Na3 c5 8. dxc5
c3 9. Nb5 Na6 10. Nxc3 Nxc5 11. Be3 Nce4 12. Nxe4 Nxe4 13. Bd4 Bxd4 14. Qxd4
Qxd4 15. Nxd4 Nd6 16. Rfc1 Rd8 17. f4 Kf8 18. Kf2 Bg4 19. h3 Bd7 20. Rc7 Rab8
21. Rac1 Ne8 22. Rxb7 Rxb7 23. Bxb7 Rb8 24. Bc6 Bxc6 25. Rxc6 Rxb2 26. Ra6 Nd6
27. Rxa7 Rb1 28. a4 Ra1 29. a5 Ra3 30. e3 h5 31. g4 hxg4 32. hxg4 Nc4 33. a6
Nxe3 34. Ra8+ Kg7 35. a7 Nxg4+ 36. Ke2 e5 37. Nb5 Ra2+ 38. Kf3 f5 39. fxe5
Nxe5+ 40. Kf4 Nc6 41. Rc8 Nxa7 42. Rc7+ Kf6 43. Rxa7 1/2-1/2

[Event "2nd GP Series ((tie-break)) 2019"]
[Site "Riga LAT"]
[Date "2019.07.14"]
[Round "1"]
[White "Karjakin, Sergey"]
[Black "Giri, Anish"]
[Result "1-0"]
[WhiteElo "2748"]
[BlackElo "2779"]
[PlyCount "67"]
[EventDate "2019.07.12"]

1. Nf3 d5 2. e3 Nf6 3. c4 c6 4. d4 Bf5 5. Nc3 e6 6. Nh4 Be4 7. f3 Bg6 8. Qb3
Qc7 9. Bd2 Be7 10. g3 Nbd7 11. Rc1 dxc4 12. Bxc4 O-O 13. O-O e5 14. Nxg6 hxg6
15. Qc2 exd4 16. exd4 Nb6 17. Bb3 Qd7 18. Be3 Nbd5 19. Bg5 Rfe8 20. Rcd1 Nxc3
21. bxc3 Nd5 22. Bd2 b5 23. Rfe1 Bd6 24. Re4 f5 25. Rxe8+ Rxe8 26. c4 bxc4 27.
Qxc4 Kh7 28. Ba4 Ne7 29. d5 Rc8 30. dxc6 Nxc6 31. Qh4+ Kg8 32. Bb3+ Kf8 33.
Qh8+ Ke7 34. Bg5# 1-0

[Event "2nd GP Series ((tie-break)) 2019"]
[Site "Riga LAT"]
[Date "2019.07.14"]
[Round "1"]
[White "So, Wesley"]
[Black "Harikrishna, Pentala"]
[Result "1-0"]
[WhiteElo "2763"]
[BlackElo "2734"]
[PlyCount "177"]
[EventDate "2019.07.12"]

1. e4 e5 2. Nf3 Nc6 3. Bc4 Bc5 4. c3 Nf6 5. d3 d6 6. O-O a6 7. Re1 Ba7 8. Bb3
h6 9. Nbd2 O-O 10. h3 Re8 11. Nf1 Be6 12. Bc2 d5 13. Qe2 b5 14. Rd1 Qe7 15. Ng3
Rad8 16. exd5 Nxd5 17. Qe4 Nf6 18. Qxc6 Bb6 19. d4 e4 20. Ne5 Rd6 21. Qb7 Bc8
22. Qa8 Bd7 23. Qb7 Bc8 24. Qa8 Bd7 25. Qxa6 Bxd4 26. Qxd6 Bxf2+ 27. Kxf2 cxd6
28. Nxd7 e3+ 29. Kg1 Qxd7 30. Re1 Qa7 31. Nf5 Nd5 32. Bb3 e2+ 33. Nd4 Nb4 34.
Bf4 Nd3 35. Bg3 Qc5 36. Kh2 Qh5 37. Bc2 Nxe1 38. Rxe1 b4 39. Bf5 bxc3 40. bxc3
Re3 41. Bg4 Qa5 42. Rxe2 Rxg3 43. Kxg3 Qxc3+ 44. Nf3 d5 45. Bf5 g6 46. Bc2 Qc7+
47. Kf2 Qa7+ 48. Kf1 Qxa2 49. Rd2 Qa6+ 50. Bd3 Qa1+ 51. Ke2 Kg7 52. Rd1 Qb2+
53. Kf1 Qb3 54. Be2 h5 55. Nd4 Qa4 56. h4 Kf6 57. g3 Kg7 58. Rd3 Qa1+ 59. Kg2
Qb2 60. Kf2 Qb6 61. Bf3 Qc5 62. Kg2 Qc4 63. Rd2 Qb4 64. Rd3 Qc4 65. Be2 Qa2 66.
Kf2 Qa7 67. Bf3 Qc5 68. Rd1 Qa5 69. Ne2 Qb6+ 70. Kg2 Qb2 71. Rxd5 Qc2 72. Rd7
Qb2 73. Rc7 Qa2 74. Rb7 Qc2 75. Re7 Kf8 76. Re4 Kg7 77. Kh2 Qb2 78. Bg2 Qd2 79.
Nf4 Kf8 80. Ra4 Qc2 81. Ra7 Ke8 82. Ra8+ Ke7 83. Nd5+ Kd6 84. Ra7 Qf2 85. Ra6+
Ke5 86. Nf4 Kf5 87. Nh3 Qd2 88. Ng5 f6 89. Rxf6+ 1-0

[Event "2nd GP Series ((tie-break)) 2019"]
[Site "Riga LAT"]
[Date "2019.07.14"]
[Round "1"]
[White "Harikrishna, Pentala"]
[Black "So, Wesley"]
[Result "1/2-1/2"]
[WhiteElo "2734"]
[BlackElo "2763"]
[PlyCount "82"]
[EventDate "2019.07.12"]

1. d4 Nf6 2. c4 e6 3. g3 d5 4. Bg2 Be7 5. Nf3 O-O 6. O-O dxc4 7. Qc2 b6 8. Bg5
Nd5 9. Bxe7 Qxe7 10. Ne5 Bb7 11. Qxc4 c5 12. Nc3 Nxc3 13. Qxc3 cxd4 14. Qxd4
Bxg2 15. Kxg2 Qb7+ 16. Kg1 Nc6 17. Qe4 Rfc8 18. Rfd1 Rc7 19. Nf3 h6 20. Rac1
Rd8 21. Ne5 Rxd1+ 22. Rxd1 f5 23. Qe3 Nxe5 24. Qxe5 Kf7 25. f3 Rd7 26. Rc1 Qd5
27. Qxd5 Rxd5 28. Rc7+ Kf6 29. Rxa7 Rd2 30. b4 Rxe2 31. a4 Ra2 32. h4 Ra1+ 33.
Kg2 b5 34. a5 Ra4 35. Rb7 Rxb4 36. Kf2 Rb2+ 37. Ke3 Rb3+ 38. Ke2 Rb2+ 39. Kd3
Rb3+ 40. Ke2 Rb2+ 41. Kd3 Rb3+ 1/2-1/2

[Event "2nd GP Series ((tie-break)) 2019"]
[Site "Riga LAT"]
[Date "2019.07.14"]
[Round "1"]
[White "Svidler, Peter"]
[Black "Duda, Jan-Krzysztof"]
[Result "1/2-1/2"]
[WhiteElo "2737"]
[BlackElo "2729"]
[PlyCount "136"]
[EventDate "2019.07.12"]

1. e4 e5 2. Nf3 Nf6 3. Nxe5 d6 4. Nf3 Nxe4 5. Nc3 Nxc3 6. dxc3 Be7 7. Be3 O-O
8. Qd2 Nd7 9. O-O-O Nf6 10. Bd3 c5 11. Bg5 Be6 12. Qf4 d5 13. c4 Re8 14. Bxf6
Bxf6 15. cxd5 Bxd5 16. Bxh7+ Kxh7 17. Qf5+ Kg8 18. Qxd5 Qb6 19. c3 Re2 20. Rd2
Rxd2 21. Qxd2 Qe6 22. Kb1 Qg4 23. Rg1 Re8 24. Qc2 b5 25. h3 Qc4 26. Rd1 Re2 27.
Rd2 Rxd2 28. Qxd2 Qf1+ 29. Ne1 a5 30. Kc2 b4 31. cxb4 axb4 32. Kb3 Be7 33. Qe3
c4+ 34. Kc2 Bf6 35. b3 g6 36. bxc4 Qxc4+ 37. Kb1 Qf1 38. Kc2 Bc3 39. Nd3 Qxg2
40. Qe8+ Kg7 41. a3 Qd5 42. Nxb4 Qd2+ 43. Kb3 Qb2+ 44. Ka4 Qxf2 45. Qe4 Qa7+
46. Kb3 Bf6 47. Qd3 Qc5 48. Nd5 Be5 49. a4 f5 50. Qc4 Qf2 51. a5 f4 52. a6 f3
53. Qd3 Qb2+ 54. Kc4 f2 55. Ne3 Qb6 56. Kd5 Bf4 57. Nf1 Kh6 58. Ke4 Bb8 59.
Qe3+ Qxe3+ 60. Kxe3 Ba7+ 61. Kf3 Kg5 62. Nd2 Kh4 63. Kg2 g5 64. Nf3+ Kh5 65.
Ne5 Kh4 66. Ng6+ Kh5 67. Ne7 g4 68. hxg4+ Kxg4 1/2-1/2

[Event "2nd GP Series ((tie-break)) 2019"]
[Site "Riga LAT"]
[Date "2019.07.14"]
[Round "1"]
[White "Grischuk, Alexander"]
[Black "Vitiugov, Nikita"]
[Result "1-0"]
[WhiteElo "2766"]
[BlackElo "2727"]
[PlyCount "45"]
[EventDate "2019.07.12"]

1. Nf3 Nf6 2. c4 e6 3. Nc3 d5 4. d4 Nbd7 5. Bf4 dxc4 6. e3 Nb6 7. Bxc4 Nxc4 8.
Qa4+ c6 9. Qxc4 Nd5 10. Bg3 Qb6 11. Qe2 Bb4 12. O-O Nxc3 13. bxc3 Bxc3 14. Rab1
Qd8 15. Rb3 Ba5 16. e4 Bc7 17. Bh4 Qd7 18. Rd1 O-O 19. Ne5 Qe8 20. Bf6 Bd8 21.
Bxg7 Kxg7 22. Rg3+ Kh8 23. Qh5 1-0

[Event "2nd GP Series ((tie-break)) 2019"]
[Site "Riga LAT"]
[Date "2019.07.14"]
[Round "1"]
[White "Vitiugov, Nikita"]
[Black "Grischuk, Alexander"]
[Result "0-1"]
[WhiteElo "2727"]
[BlackElo "2766"]
[PlyCount "48"]
[EventDate "2019.07.12"]

1. d4 Nf6 2. Nf3 d5 3. c4 e6 4. Nc3 c5 5. e3 Nc6 6. cxd5 exd5 7. Bb5 cxd4 8.
Nxd4 Bd7 9. O-O Bd6 10. Nf3 Bg4 11. Be2 O-O 12. h3 Bh5 13. b3 Qa5 14. Bb2 Rad8
15. Nd4 Nxd4 16. Bxh5 Nc6 17. Be2 Be5 18. Rc1 Ne4 19. Qe1 Bxc3 20. Bxc3 Qxa2
21. Bb5 Nxc3 22. Qxc3 d4 23. exd4 Nxd4 24. Bc4 b5 0-1

[Event "2nd GP Series ((tie-break)) 2019"]
[Site "Riga LAT"]
[Date "2019.07.14"]
[Round "1"]
[White "Yu, Yangyi"]
[Black "Aronian, Levon"]
[Result "1/2-1/2"]
[WhiteElo "2736"]
[BlackElo "2756"]
[PlyCount "63"]
[EventDate "2019.07.12"]

1. e4 e5 2. Nf3 Nc6 3. Bc4 Bc5 4. d3 Nf6 5. Bg5 h6 6. Bh4 d6 7. c3 a6 8. Nbd2
Ba7 9. a4 Qe7 10. Qe2 Be6 11. b4 Bxc4 12. Nxc4 Qe6 13. Bxf6 Qxf6 14. O-O O-O
15. b5 Nd8 16. Rfb1 axb5 17. axb5 Ne6 18. g3 Bc5 19. Ne3 c6 20. bxc6 bxc6 21.
Nf5 Rxa1 22. Rxa1 h5 23. Ra6 g6 24. Ne3 Qe7 25. Nc2 Qb7 26. d4 exd4 27. cxd4
Bb6 28. Ra1 Ra8 29. Rb1 Qa6 30. Qxa6 Rxa6 31. Nb4 Ra4 32. Nxc6 1/2-1/2

[Event "2nd GP Series ((tie-break)) 2019"]
[Site "Riga LAT"]
[Date "2019.07.14"]
[Round "1"]
[White "Aronian, Levon"]
[Black "Yu, Yangyi"]
[Result "1/2-1/2"]
[WhiteElo "2756"]
[BlackElo "2736"]
[PlyCount "92"]
[EventDate "2019.07.12"]

1. c4 c6 2. Nf3 d5 3. e3 Nf6 4. d4 g6 5. Nc3 Bg7 6. Be2 O-O 7. O-O dxc4 8. Bxc4
Bg4 9. Be2 Nbd7 10. h3 Bxf3 11. Bxf3 e5 12. d5 cxd5 13. Bxd5 Nc5 14. Bc4 e4 15.
Qe2 Qe7 16. b3 Nd3 17. a4 Nxc1 18. Raxc1 Rad8 19. Rfd1 Qe5 20. Rc2 Rfe8 21.
Rxd8 Rxd8 22. Rd2 Rxd2 23. Qxd2 Bf8 24. Nd5 Nxd5 25. Bxd5 b6 26. g3 Kg7 27. Kg2
Bb4 28. Qd1 Bc5 29. Bc4 a5 30. h4 h5 31. Qc2 Bb4 32. Bb5 Bc5 33. Bc6 f5 34. Bb5
Kf6 35. Be2 Qd5 36. Kg1 Qd6 37. Qc1 Qd5 38. Bc4 Qd6 39. Kf1 Bb4 40. Be2 Qc5 41.
Qd1 Qd6 42. Qc2 Qc5 43. Bc4 Qe5 44. Qd1 Qd6 45. Qa1+ Qe5 46. Qxe5+ Kxe5 1/2-1/2

[Event "2nd GP Series ((tie-break)) 2019"]
[Site "Riga LAT"]
[Date "2019.07.14"]
[Round "1"]
[White "Aronian, Levon"]
[Black "Yu, Yangyi"]
[Result "1/2-1/2"]
[WhiteElo "2756"]
[BlackElo "2736"]
[PlyCount "126"]
[EventDate "2019.07.12"]

1. c4 c6 2. Nf3 d5 3. e3 Nf6 4. d4 g6 5. Nc3 Bg7 6. Be2 O-O 7. O-O a6 8. h3 e6
9. b3 Nbd7 10. Ba3 Re8 11. Rc1 b6 12. Nd2 Bb7 13. Bf3 e5 14. Re1 e4 15. Be2 Nf8
16. Bb2 Ne6 17. a4 h5 18. b4 Rc8 19. b5 axb5 20. axb5 c5 21. dxc5 Nxc5 22. Na4
Nfd7 23. Bxg7 Kxg7 24. Nxc5 Nxc5 25. Nb3 dxc4 26. Nxc5 Rxc5 27. Rxc4 Rxc4 28.
Bxc4 Qf6 29. Qd7 Re7 30. Qd8 Re5 31. Rd1 Qxd8 32. Rxd8 Rc5 33. Rd7 Rxc4 34.
Rxb7 Rc1+ 35. Kh2 Rc2 36. Kg3 h4+ 37. Kxh4 Rxf2 38. Kg3 Rf6 39. h4 Kh7 40. Kh2
Kg7 41. Kh3 Kg8 42. Kh2 Kg7 43. Kg3 Kh7 44. Kh3 Kg7 45. Kh2 Kg8 46. Kg1 Kg7 47.
Kh1 Kg8 48. Kh2 Kf8 49. Kh3 Kg7 50. g3 Rf3 51. Rxb6 Rxe3 52. Rc6 Rb3 53. b6 f5
54. h5 gxh5 55. Kh4 e3 56. Kg5 Kf7 57. Kxf5 Rb5+ 58. Kf4 e2 59. Rc1 Rxb6 60.
Re1 Re6 61. Kf3 Kf6 62. Rxe2 Rxe2 63. Kxe2 Kg5 1/2-1/2

[Event "2nd GP Series ((tie-break)) 2019"]
[Site "Riga LAT"]
[Date "2019.07.14"]
[Round "1"]
[White "Yu, Yangyi"]
[Black "Aronian, Levon"]
[Result "1/2-1/2"]
[WhiteElo "2736"]
[BlackElo "2756"]
[PlyCount "89"]
[EventDate "2019.07.12"]

1. d4 Nf6 2. c4 e6 3. g3 d5 4. Bg2 Be7 5. Nf3 O-O 6. O-O dxc4 7. Ne5 Nc6 8.
Bxc6 bxc6 9. Nxc6 Qe8 10. Nxe7+ Qxe7 11. Nc3 Rd8 12. Qa4 a5 13. Qxc4 Ba6 14.
Qc6 Qb4 15. Bg5 Bb7 16. Qb5 Rxd4 17. a3 Qxb5 18. Nxb5 Rd7 19. Rfd1 Rad8 20.
Rxd7 Rxd7 21. Rc1 Ba6 22. Nxc7 Bxe2 23. Nd5 h5 24. Nxf6+ gxf6 25. Bxf6 Rd1+ 26.
Rxd1 Bxd1 27. b4 axb4 28. axb4 Ba4 29. f3 Kh7 30. Kf2 Kg6 31. Bd8 Kf5 32. Ke3
e5 33. h3 Bc6 34. g4+ Kg6 35. h4 f5 36. gxh5+ Kxh5 37. Bf6 f4+ 38. Kf2 e4 39.
fxe4 Bxe4 40. b5 Kg4 41. b6 Bb7 42. Bg5 f3 43. Bd8 Bc6 44. Be7 Bb7 45. Bd8
1/2-1/2

[Event "2nd GP Series ((tie-break)) 2019"]
[Site "Riga LAT"]
[Date "2019.07.14"]
[Round "1"]
[White "Aronian, Levon"]
[Black "Yu, Yangyi"]
[Result "1-0"]
[WhiteElo "2756"]
[BlackElo "2736"]
[PlyCount "113"]
[EventDate "2019.07.12"]

1. c4 c6 2. Nf3 d5 3. e3 Nf6 4. d4 g6 5. Nc3 Bg7 6. Be2 O-O 7. O-O a6 8. a4 a5
9. cxd5 cxd5 10. Bd2 Nc6 11. Qb3 Bf5 12. Rfc1 Qd7 13. Ne5 Nxe5 14. dxe5 Ne4 15.
Nxe4 dxe4 16. Bc3 Be6 17. Bc4 Bxc4 18. Qxc4 Qf5 19. Qb5 Rfc8 20. Rd1 Rc7 21.
Rd5 h5 22. Rad1 Rac8 23. Qxa5 Kh7 24. h3 Qe6 25. Qb4 Rc4 26. Qxb7 Rxa4 27. Rd7
Re8 28. R7d4 Ra2 29. Rxe4 Rea8 30. Qd7 Ra1 31. Red4 Qxe5 32. R4d2 Qc5 33. Bxg7
Kxg7 34. Qd4+ Qxd4 35. exd4 R1a4 36. b3 Rb4 37. Rb1 Rd8 38. Kf1 Rd5 39. Ke2 h4
40. Kd1 Rdxd4 41. Rxd4 Rxd4+ 42. Kc2 Rf4 43. f3 Rb4 44. Kc3 Rb8 45. b4 Kf6 46.
b5 Ke5 47. Kb4 Kf4 48. Rb2 e5 49. Kc5 f5 50. b6 e4 51. fxe4 Kxe4 52. b7 g5 53.
Kc6 Kf4 54. Rb3 g4 55. Kc7 Rh8 56. b8=Q Rxb8 57. Kxb8 1-0

[Event "2nd GP Series ((tie-break)) 2019"]
[Site "Riga LAT"]
[Date "2019.07.14"]
[Round "1"]
[White "Yu, Yangyi"]
[Black "Aronian, Levon"]
[Result "1-0"]
[WhiteElo "2736"]
[BlackElo "2756"]
[PlyCount "87"]
[EventDate "2019.07.12"]

1. d4 Nf6 2. c4 e6 3. Nc3 Bb4 4. Qc2 O-O 5. e4 d5 6. e5 Ne4 7. a3 Bxc3+ 8. bxc3
c5 9. Bb2 Nc6 10. Bd3 f5 11. Ne2 dxc4 12. Bxe4 fxe4 13. O-O b5 14. Qxe4 Bb7 15.
Qg4 Qd5 16. f3 a5 17. Nf4 Rxf4 18. Qxf4 cxd4 19. cxd4 b4 20. axb4 axb4 21.
Rxa8+ Bxa8 22. Rc1 Bb7 23. Kf2 c3 24. Bxc3 bxc3 25. Rxc3 h6 26. h4 Ba6 27. Ra3
Qb5 28. Kg3 Ne7 29. Kh2 Qb6 30. h5 Bb7 31. Rd3 Bd5 32. Rc3 Nf5 33. Rc8+ Kh7 34.
Qg4 Ne7 35. Re8 Qc7 36. Rf8 Qc1 37. Re8 Qc7 38. Qg3 Bb3 39. Rf8 Qc1 40. Rf7 Nf5
41. Qg6+ Kg8 42. Rb7 Qf4+ 43. g3 Qd2+ 44. Kh3 1-0